| 000 | 00805nas a2200289 4500 | ||
|---|---|---|---|
| 001 | BR0502510 | ||
| 003 | BR-BrBNA | ||
| 005 | 20231205105337.0 | ||
| 007 | ta | ||
| 008 | 230509b bl.|||p| |||| 00| 00por d | ||
| 040 |
_aBR-BrBNA _bpor _cBiblioteca Nacional de Agricultura |
||
| 041 | _a(Pt) | ||
| 072 | _aE70 | ||
| 100 | 1 | _aVidal, R.M. | |
| 245 | 1 | _aSistemas de qualidade elevam confiança na carne | |
| 650 | _aBOVINO | ||
| 650 | _aCARNE | ||
| 650 | _aCONTROLE DE QUALIDADE | ||
| 650 | _aNORMALIZAÇÃO | ||
| 650 | _aAPPCC | ||
| 650 | _aSEGURANÇA ALIMENTAR | ||
| 650 | _aCOMERCIALIZAÇÃO | ||
| 650 | _aRASTREABILIDADE | ||
| 773 | 0 |
_tAgroanalysis (Brazil) _xISSN 0100-4298 _g(Mar 2005), v. 25(3) p. 34-35 _wBR0502510 |
|
| 909 |
_a202311 _bLúcia _c55 _dLúcia Elande |
||
| 942 |
_2AGRIS _n0 _cANA |
||
| 999 |
_c182472 _d182472 |
||